[Event "Guimaraes Open 2019"]
[Site "Guimaraes"]
[Date "2019.08.30"]
[Round "4.11"]
[White "Marques, Ricardo Taborda Trig"]
[Black "Nieves Cabanes, Javier"]
[Result "1-0"]
[WhiteElo "1958"]
[BlackElo "2211"]
[Annotator "RC"]
[PlyCount "105"]
[EventDate "2019.08.28"]
[EventType "swiss"]
[EventCountry "POR"]
[SourceTitle "playchess.com"]
[Source "ChessBase"]
[SourceQuality "1"]
[TimeControl "5400+30"]

1. e4 {[%emt 0:06:15]} e6 {[%emt 0:00:00]} 2. d4 {[%emt 0:00:06]} d5 {[%emt 0:00:00]} 3. exd5 {[%emt 0:00:14]} exd5 {[%emt 0:00:00]} 4. Nf3 {[%emt 0:00:04]} Bg4 {[%emt 0:01:16]} 5. h3 {[%emt 0:00:15]} Bh5 {[%emt 0:00:21]} 6. Qe2+ {[%emt 0:00:40]} Ne7 {[%emt 0:03:43]} 7. Nc3 {[%emt 0:06:12]} Nbc6 {[%emt 0:02:49]} 8. Be3 {[%emt 0:00:44]} Qd7 {[%emt 0:01:13]} 9. O-O-O {[%emt 0:00:55]} O-O-O {[%emt 0:01:42]} 10. g4 {[%emt 0:01:05]} Bg6 {[%emt 0:00:47]} 11. Nh4 {[%emt 0:01:01]} f6 {[%emt 0:05:50]} 12. Nxg6 {[%emt 0:00:49]} Nxg6 {[%emt 0:00:06]} 13. Bg2 {[%emt 0:02:47]} Qf7 {[%emt 0:01:14]} 14. h4 {[%emt 0:02:32]} Bb4 {[%emt 0:02:33]} 15. h5 {[%emt 0:01:54]} Nge7 {[%emt 0:00:05]} 16. Qd3 {[%emt 0:04:31]} Kb8 {[%emt 0:00:12]} 17. f4 {[%emt 0:04:51]} Na5 {[%emt 0:05:33]} 18. a3 {[%emt 0:04:16]} Bd6 {[%emt 0:00:22]} 19. Nb5 {[%emt 0:01:58]} Nc4 {[%emt 0:05:25]} 20. f5 {[%emt 0:12:38]} Nc8 {[%emt 0:08:35]} 21. Nxd6 {[%emt 0:03:51]} N8xd6 {[%emt 0:01:20]} 22. Bf4 {[%emt 0:00:54]} Rhe8 {[%emt 0:02:31]} 23. Rhe1 {[%emt 0:00:33]} h6 {[%emt 0:01:06]} 24. Kb1 {[%emt 0:02:21]} Ka8 {[%emt 0:01:02]} 25. Bc1 {[%emt 0:02:36]} c6 {[%emt 0:11:43]} 26. b3 {[%emt 0:01:16]} b5 {[%emt 0:00:26]} 27. bxc4 {[%emt 0:01:22]} Rxe1 {[%emt 0:06:39]} 28. Rxe1 {[%emt 0:00:12]} bxc4 {[%emt 0:00:10]} 29. Qc3 {[%emt 0:05:24]} Rb8+ {[%emt 0:02:47]} 30. Ka2 {[%emt 0:02:53]} Nb5 {[%emt 0:06:48]} 31. Qa5 {[%emt 0:05:32]} Qc7 {[%emt 0:02:18]} 32. Bd2 {[%emt 0:02:26]} Qg3 {[%emt 0:03:47]} 33. Bf1 {[%emt 0:04:56]} Qd6 {[%emt 0:06:08]} 34. Rb1 {[%emt 0:05:00]} Rb6 {[%emt 0:01:15]} 35. Qb4 {[%emt 0:02:27]} Qh2 {[%emt 0:03:38]} 36. a4 {[%emt 0:06:20]} Qb8 {[%emt 0:00:38]} 37. Qc5 {[%emt 0:02:14]} Qh2 {[%emt 0:03:24]} 38. Rxb5 {[%emt 0:00:27]} cxb5 {[%emt 0:05:01]} 39. Qxd5+ {[%emt 0:00:13]} Kb8 {[%emt 0:00:14]} 40. Bg2 {[%emt 0:00:40]} Kc8 {[%emt 0:01:41]} 41. Ba5 {[%emt 0:01:58]} b4 {[%emt 0:01:58]} 42. Qg8+ {[%emt 0:00:26]} Kc7 {[%emt 0:00:22]} 43. Qxg7+ {[%emt 0:00:15]} Kc8 {[%emt 0:00:36]} 44. Bxb6 {[%emt 0:00:28]} b3+ {[%emt 0:00:13]} 45. Ka3 {[%emt 0:00:55]} axb6 {[%emt 0:00:07]} 46. Qb7+ {[%emt 0:00:20]} Kd8 {[%emt 0:00:07]} 47. Qxb6+ {[%emt 0:00:05]} Kd7 {[%emt 0:00:26]} 48. Bc6+ {[%emt 0:00:15]} Ke7 {[%emt 0:00:09]} 49. Qc5+ {[%emt 0:00:46]} Kd8 {[%emt 0:00:16]} 50. Qd5+ {[%emt 0:00:25]} Ke7 {[%emt 0:00:41]} 51. Qe6+ {[%emt 0:00:09]} Kf8 {[%emt 0:00:10]} 52. Qxf6+ {[%emt 0:00:08]} Kg8 {[%emt 0:00:09]} 53. Bd5+ {[%emt 0:00:08]} 1-0

[Event "Guimaraes Open 2019"]
[Site "Guimaraes"]
[Date "2019.08.30"]
[Round "4.12"]
[White "Guimaraes, Henrique Oliveira"]
[Black "Costa, Paulo"]
[Result "0-1"]
[WhiteElo "1412"]
[BlackElo "2186"]
[Annotator "TA"]
[PlyCount "62"]
[EventDate "2019.08.28"]
[EventType "swiss"]
[EventCountry "POR"]
[SourceTitle "playchess.com"]
[Source "ChessBase"]
[SourceQuality "1"]

{[%evp 12,62,46,8,47,11,49,37,44,14,85,29,44,15,65,-96,118,60,56,62,74,0,212,210,219,-21,-23,-133,-72,-146,-87,-162,-158,-166,-145,-142,-156,-254,-257,-387,-387,-592,-595,-979,-958,-906,-855,-1111,-1114,-1093,-1078,-2412,-2234]} 1. e4 c5 2. Nf3 e6 3. d4 cxd4 4. Nxd4 a6 5. Nc3 Qc7 6. a3 Nf6 7. Be2 Bc5 {B43: Sicilian: Kan Variation: 5 Nc3} 8. Be3 d6 (8... O-O 9. O-O d6 10. Kh1 b5 11. f4 Bb7 12. Bf3 Nbd7 13. Qe2 Rac8 14. Rad1 Qb8 15. Nb3 Bxa3 16. bxa3 Rxc3 {0-1 (28) Socko,M (2495)-Almasi,Z (2721) Warsaw 2010}) 9. Qd2 Nbd7 {White is slightly better.} 10. O-O Ne5 $146 (10... O-O $11) ({Predecessor:} 10... b5 11. Nb3 Bxe3 12. Qxe3 Bb7 13. f3 O-O 14. Bd3 {0-1 (39) Curidlo,J (1880)-Vinarcik,J (1908) Slovakia 2012}) 11. h3 (11. Bg5 $16) 11... Bd7 12. Kh1 Rc8 13. Rad1 $2 {[#]} (13. f4 $14 {stays ahead.} Ng6 14. f5 exf5 15. exf5 (15. Nxf5 Bxf5 16. Rxf5 Bxe3 $11)) 13... b5 $2 (13... Bxa3 $1 $17 {[%mdl 512]} 14. Ncb5 (14. bxa3 Qxc3) 14... axb5 15. Nxb5 Bxb5 16. Bxb5+ Ke7 17. bxa3 Nxe4) 14. f4 (14. Bg5 $1 $16) 14... Nc4 $14 15. Bxc4 $1 bxc4 16. f5 (16. e5 $16 dxe5 17. fxe5) 16... Qb7 $2 (16... e5 $1 $11 {and Black has nothing to worry.}) 17. fxe6 fxe6 {[#]} 18. Rxf6 $2 (18. e5 $1 $18 {[%mdl 512]} dxe5 19. Nxe6 $1 {[%mdl 512]}) 18... gxf6 $11 19. Rf1 (19. Nf3 $1 $11 {remains equal.}) 19... Ke7 (19... Qxb2 $6 20. Nxe6 $1 {[%mdl 512]} Bxe6 21. Bxc5 $11) ({Better is} 19... Rf8 20. Rb1 Qa7) 20. g4 (20. Nf3 $142 Bxe3 21. Qxe3) 20... Bc6 (20... Qxb2 21. g5 $11) (20... Rcf8 $142 21. Rd1 h5) 21. Nxc6+ (21. Kh2 $17) 21... Qxc6 $19 ({Inferior is} 21... Rxc6 22. g5 $15 (22. Bxc5 Rxc5 23. Qh6 Rf8 $15)) 22. Bg5 {[#]} Rcf8 $1 ({Not} 22... fxg5 23. Qxg5+ Ke8 24. Qg7 $11) 23. Bh4 h6 24. Bg3 (24. Kh2 $17 {is a better defense.}) 24... Kd7 25. Bh4 (25. h4 $142) 25... h5 {aiming for ...hxg4.} 26. gxh5 (26. Rxf6 {was worth a try.} Qb7 27. Na4 Qxe4+ {[%mdl 64] Double Attack} 28. Qg2 Qxg2+ 29. Kxg2) 26... Rxh5 {Black is clearly winning.} 27. Qe1 Rfh8 28. Rf4 Bd4 29. Qg3 Be5 30. Qg7+ Kc8 31. Rg4 f5 {Accuracy: White = 19%, Black = 34%.} 0-1

[Event "Guimaraes Open 2019"]
[Site "Guimaraes"]
[Date "2019.08.30"]
[Round "4.13"]
[White "Silva, Pedro Gil Ferreira D"]
[Black "Galego, Luis"]
[Result "0-1"]
[WhiteElo "1960"]
[BlackElo "2506"]
[Annotator "TA"]
[PlyCount "108"]
[EventDate "2019.08.28"]
[EventType "swiss"]
[EventCountry "POR"]
[SourceTitle "playchess.com"]
[Source "ChessBase"]
[SourceQuality "1"]

{[%evp 15,108,0,10,0,32,0,9,0,0,-25,-33,-28,-22,-29,-27,-44,-56,-58,-51,-59,-16,-58,-47,-35,-49,-56,0,-105,-17,-26,-1,-3,-12,-6,-11,-9,-8,-2,0,0,0,-8,-8,-8,-16,-10,-11,-27,-14,-35,-41,-34,-33,-53,-44,-50,-45,-81,-50,-145,-112,-105,-87,-164,-164,-166,-142,-300,-301,-389,-368,-363,-370,-395,-411,-373,-391,-860,-903,-950,-872,-2120,-2438,-2387,-2215,-1987,-1908,-1723,-1654,-5469,-4553,-2673,-3198,-1740,-2580]} 1. e4 c5 2. Nf3 a6 3. d4 cxd4 4. Nxd4 e6 5. Nc3 Qc7 6. g3 Bb4 7. Nde2 Nf6 8. Bg2 d6 9. O-O {B43: Sicilian: Kan Variation: 5 Nc3} Nbd7 (9... O-O 10. h3 Nc6 11. g4 Bc5 12. Nf4 b5 13. g5 Nd7 14. h4 Bb7 15. h5 Rae8 16. a4 b4 {0-1 (37) Malisauskas,V (2416)-Kovalenko,I (2653) Lithuania 2015}) 10. a3 Bc5 $1 11. Nd4 $146 {The position is equal.} ({Predecessor:} 11. Nf4 O-O 12. g4 Ne5 13. g5 Nfd7 14. Qh5 b5 15. Kh1 Bb7 16. Nfe2 f5 {0-1 (42) Willow,J (1993)-Sowray,P (2301) Wakefield 2017}) 11... O-O 12. Nb3 Ba7 13. a4 h6 14. Qe2 Ne5 15. a5 Bd7 16. h3 Rac8 17. Kh1 Nc6 18. Rd1 e5 19. Be3 Bxe3 20. Qxe3 Nb4 (20... Be6 $15) 21. Rac1 (21. Qd2 $11 {remains equal.}) 21... Rfd8 (21... Be6 $17 {White must now prevent ...Nxc2!} 22. Qe2 Nc6) 22. Qd2 Be6 23. Nd5 $1 {[%cal Rd5c7]} Nbxd5 24. exd5 Bf5 25. c4 Qd7 26. Kh2 Qa4 27. Na1 Be4 28. Bxe4 Nxe4 29. Qc2 $1 {[%cal Rc2a4]} Qxc2 30. Rxc2 Rc7 $36 {[%mdl 2048] Black has the initiative.} 31. b3 f5 32. Kg2 Rdc8 33. f3 Nf6 34. Ra2 g5 35. Nc2 f4 36. g4 Re8 37. Kf2 (37. Ne1 $15) 37... Kf7 38. Re1 h5 39. Raa1 (39. gxh5 $17 Nxh5 40. h4) 39... Rh8 $19 {[#] ...hxg4 is the strong threat.} 40. Rh1 Rc5 41. Nb4 $2 (41. gxh5 $17 Nxh5 42. Rh2) 41... hxg4 42. hxg4 {[#]} Rxh1 $1 {[%mdl 64] Overworked Piece} 43. Rxh1 Rxa5 {[%mdl 4096] Endgame KRN-KRN} 44. Rh8 {intending Rb8.} Ra3 45. Rb8 Rxb3 46. Rxb7+ $2 (46. Nc6 Rb2+ 47. Ke1) 46... Kg6 {Black is clearly winning.} 47. Rb8 a5 {[%cal Ba6a5,Ba5a4,Ba4a3][%mdl 32]} 48. Nc6 Rxb8 49. Nxb8 {KN-KN} a4 50. Nc6 a3 51. Nb4 e4 52. Ke2 e3 53. Na2 Nd7 54. Nc3 Ne5 {Accuracy: White = 20%, Black = 65%.} 0-1

[Event "Guimaraes Open 2019"]
[Site "Guimaraes"]
[Date "2019.08.30"]
[Round "4.14"]
[White "Veiga, Jose Francisco R P N"]
[Black "Korning, Peter"]
[Result "1-0"]
[WhiteElo "2346"]
[BlackElo "1972"]
[Annotator "TA"]
[PlyCount "41"]
[EventDate "2019.08.28"]
[EventType "swiss"]
[EventCountry "POR"]
[SourceTitle "playchess.com"]
[Source "ChessBase"]
[SourceQuality "1"]

{[%evp 19,41,18,18,10,38,28,28,29,33,25,210,214,191,192,195,191,192,185,256,242,250,254,286,298]} 1. g3 d5 2. Nf3 c5 3. Bg2 Nc6 4. c4 e6 5. O-O Nf6 6. b3 Be7 7. cxd5 exd5 8. d4 O-O 9. Bb2 Ne4 10. dxc5 Bxc5 11. e3 {D30: Queen's Gambit Declined: Systems without Nc3} Bg4 (11... Qe7 12. Nc3 Rd8 13. Qc1 Be6 14. Qc2 Nxc3 15. Bxc3 d4 16. exd4 Nxd4 17. Nxd4 Bxd4 18. Bxd4 Rxd4 {½-½ (41) Artemiev,V (2673)-Gasanov,E (2488) Moscow 2016}) 12. h3 Bh5 13. Nc3 {White has an edge.} Nxc3 14. Bxc3 Qd7 $146 (14... Rc8 $11) ({Predecessor:} 14... Qd6 15. g4 Bg6 16. Nh4 Rad8 17. Nxg6 Qxg6 18. b4 Nxb4 19. Bxb4 Bxb4 {½-½ (26) Gehmlich,M (2194)-Orsag,M (2332) Germany 2017}) 15. Ne5 $18 {[%mdl 64] [#] Discovered Attack} Nxe5 16. Qxh5 Ng6 17. Qxd5 Qxd5 18. Bxd5 Rac8 (18... Rab8 $142 19. Rfd1 b6) 19. Bxb7 Rc7 20. Ba6 Bxe3 21. Bb4 ({Not} 21. fxe3 Rxc3 22. Rfe1 Rc2 $14) 1-0

[Event "Guimaraes Open 2019"]
[Site "Guimaraes"]
[Date "2019.08.30"]
[Round "4.15"]
[White "Reboredo Martinez, Claudio"]
[Black "Ruperez Benito, Antonio"]
[Result "0-1"]
[WhiteElo "1931"]
[BlackElo "2331"]
[Annotator "TA"]
[PlyCount "74"]
[EventDate "2019.08.28"]
[EventType "swiss"]
[EventCountry "POR"]
[SourceTitle "playchess.com"]
[Source "ChessBase"]
[SourceQuality "1"]

{[%evp 12,74,43,29,35,40,37,-57,-64,-55,-64,-70,-77,-68,0,0,0,0,0,-21,-3,-9,0,-68,-49,-103,-87,-95,-92,-81,-89,-160,-161,-167,-169,-164,-159,-170,-160,-169,-175,-172,-152,-140,-151,-149,-137,-143,-143,-175,-141,-139,-141,-141,-147,-160,-166,-163,-170,-297,-297,-264,-236,-383,-385]} 1. e4 e6 2. d4 d5 3. Nc3 Bb4 4. exd5 exd5 5. Bd3 Nc6 6. a3 Be7 7. Be3 Bf6 {C01: French: Exchange Variation} 8. Nge2 Nge7 9. Nf4 $146 (9. Qd2 $14) ({Predecessor:} 9. O-O O-O 10. Qd2 Bf5 11. Ng3 Bxd3 12. Qxd3 g6 13. Bh6 Re8 14. Nce2 Bg7 15. Bxg7 Kxg7 {½-½ (26) Sethuraman,S (2622)-Vidit,S (2625) Kottayam 2014}) 9... Bxd4 $15 {Black is slightly better.} 10. Bxd4 Nxd4 11. Qh5 {[%cal Rc3d5]} c6 12. Qe5 Ne6 (12... Ndf5 $1 $15) 13. Nxe6 $1 $11 Bxe6 14. Qxg7 Rg8 15. Qxh7 Qb6 16. O-O-O $1 Qxf2 17. Rde1 (17. Ne2 $11) 17... Qxg2 $15 18. Rhf1 (18. h4 $15) 18... O-O-O $36 {[%mdl 2048] [#] aiming for ...Rh8. Black is on the roll.} 19. Qh4 Qg5+ 20. Qxg5 Rxg5 21. h4 (21. Ne2 $142) 21... Rh5 $17 22. Rf4 Rdh8 23. Rh1 Ng6 24. Bxg6 fxg6 25. Rf6 Bf5 26. Ne2 Be4 27. Rhf1 Rxh4 28. Ng3 g5 29. Nxe4 dxe4 {[%mdl 4096] Endgame KRR-KRR} 30. Rg6 Rh1 31. Rxh1 Rxh1+ {KR-KR} 32. Kd2 Rh2+ 33. Kd1 Rg2 34. Re6 Rg4 35. Ke2 (35. Re7 $142) 35... Kd7 $19 36. Re5 Kd6 37. Re8 (37. Ra5 $142) 37... Rg2+ {Accuracy: White = 57%, Black = 84%.} 0-1

[Event "Guimaraes Open 2019"]
[Site "Guimaraes"]
[Date "2019.08.30"]
[Round "4.16"]
[White "Sanchez Aller, Fernando"]
[Black "Simoes, Miguel Patricio"]
[Result "1-0"]
[WhiteElo "2331"]
[BlackElo "1870"]
[Annotator "TA"]
[PlyCount "71"]
[EventDate "2019.08.28"]
[EventType "swiss"]
[EventCountry "POR"]
[SourceTitle "playchess.com"]
[Source "ChessBase"]
[SourceQuality "1"]

{[%evp 19,71,10,0,-2,58,0,23,10,43,32,32,20,9,14,60,56,56,6,52,65,51,54,58,38,101,81,167,85,89,66,71,76,73,63,85,78,74,74,86,67,333,335,306,383,914,271,515,434,419,421,719,713,29997,29998]} 1. e4 e5 2. Nf3 Nc6 3. Bb5 a6 4. Ba4 Nf6 5. O-O b5 6. Bb3 Be7 7. Re1 O-O 8. d4 Nxd4 9. Nxd4 exd4 10. e5 Ne8 11. c3 {C88: Closed Ruy Lopez: Anti-Marshall Systems} d6 (11... dxc3 $11 12. Nxc3 c6) (11... dxc3 12. Nxc3 Bb7 13. Bf4 c5 14. Qg4 d5 15. Bxd5 Bxd5 16. Rad1 Qc8 17. Qxc8 Rxc8 18. Nxd5 Bd8 19. h3 Rc6 {1-0 (41) Harikrishna,P (2729)-Aronian,L (2765) Kolkata 2018}) 12. Bd5 ({Better is} 12. cxd4 $14 c6 13. Qf3) 12... Rb8 13. cxd4 {White has an edge.} ({Of course not} 13. Qxd4 c5 $15) 13... Be6 $146 ({Predecessor:} 13... c5 14. exd6 Qxd6 15. dxc5 Qxc5 16. Nc3 Bb7 17. Qf3 Bxd5 18. Nxd5 Bd6 {1-0 (31) Green,M-Santasiere,A Ventnor 1945}) 14. Bxe6 fxe6 15. Qb3 dxe5 16. dxe5 Bc5 (16... Qd7 {feels hotter.} 17. Rd1 Qc8 18. Qc2 c5 19. Nc3 c4) 17. Be3 Bxe3 18. Rxe3 Rb6 19. Nc3 c5 20. Rd1 Qc7 21. Rd2 Qf7 ({Black should try} 21... c4 $14 22. Qd1 b4) 22. Ne4 $16 Rc6 (22... c4 $16 {keeps fighting.} 23. Qc3 Qc7) 23. Qd1 (23. Rf3 $18 Qh5 24. Rxf8+ Kxf8 25. f4) 23... Qf4 24. Ng3 $36 {[%mdl 2048] [#] aiming for Rf3. White is more active.} Rc7 25. Re4 Qf7 26. h3 Re7 27. Qc2 c4 28. Rh4 {[%csl Gh4][%cal Rc2h7]} h6 29. Rdd4 {[%cal Bd2d4,Bd4g4,Bg4g6,Bg6h6][%mdl 32]} Nc7 $2 {[%mdl 8192]} ({Black should play} 29... Rd7 $14) 30. Rdg4 $18 {And now Rxh6 would win.} Kh8 31. Qd2 Ree8 $2 (31... Rg8 32. Rxh6+ gxh6) 32. Ne4 $2 (32. Nh5 Qxf2+ 33. Qxf2 Rxf2 34. Nxg7) 32... Rd8 $2 (32... Qe7 33. Nf6 Rxf6 34. exf6 Qxf6) 33. Nd6 Qe7 34. g3 Nd5 (34... Kh7 $142 35. Qc2+ Kh8) 35. Rg6 {Threatening mate with Rgxh6+!} Qa7 {[#]} 36. Rgxh6+ $1 {[%mdl 576] Back Rank, Demolition. Accuracy: White = 66%, Black = 27%.} 1-0

[Event "Guimaraes Open 2019"]
[Site "Guimaraes"]
[Date "2019.08.30"]
[Round "4.17"]
[White "Ruiz de Alegria Madariaga, Carlo"]
[Black "Camarena Jimenez, Rufino"]
[Result "0-1"]
[WhiteElo "1854"]
[BlackElo "2317"]
[Annotator "TA"]
[PlyCount "54"]
[EventDate "2019.08.28"]
[EventType "swiss"]
[EventCountry "POR"]
[SourceTitle "playchess.com"]
[Source "ChessBase"]
[SourceQuality "1"]

{[%evp 21,54,47,52,-4,11,-46,-33,-33,-33,-40,-45,-116,-116,-153,-33,-141,-151,-158,-127,-134,-150,-145,-147,-279,-202,-303,-338,-408,-257,-249,-247,-437,-446,-454,-444]} 1. d4 Nf6 2. c4 g6 3. Nf3 Bg7 4. g3 O-O 5. Bg2 d6 6. Nc3 Nbd7 7. O-O e5 8. h3 a6 9. e4 exd4 10. Nxd4 Rb8 11. Be3 Re8 12. Qd2 {E68: King's Indian: Fianchetto: 6...Nbd7 7 0-0 e5 8 e4} (12. b3 $14) (12. a4 a5 13. Qc2 c6 14. Rad1 Qc7 15. f4 Nc5 16. g4 Bd7 17. f5 Rbc8 18. g5 Nfxe4 19. Bxe4 d5 20. Bf4 Qb6 21. f6 Bf8 {½-½ (55) Ding,L (2777)-Mamedyarov,S (2799) Huaian 2017}) 12... Ne5 13. b3 (13. Qe2 $1 $11) 13... c5 $15 14. Nde2 {Black is slightly better.} Bxh3 15. Rad1 b5 $146 ({Predecessor:} 15... Bxg2 16. Kxg2 b5 17. Qxd6 Qxd6 18. Rxd6 b4 {½-½ (70) Duzhakov,I (2347)-Polivanov,A (2414) Voronezh 2011}) 16. cxb5 (16. Qxd6 $15 Qxd6 17. Rxd6 Bxg2 18. Kxg2) 16... axb5 $17 {[%cal Ba6b5,Bb5b4][%mdl 32]} 17. Qxd6 Bxg2 ({Better is} 17... Qxd6 $17 18. Rxd6 Bxg2 19. Kxg2 b4 20. Rxf6 Bxf6) 18. Kxg2 (18. Qxd8 $1 $15 Rbxd8 19. Kxg2) 18... Qxd6 19. Rxd6 b4 20. Na4 Nxe4 21. Rd5 c4 22. Rfd1 (22. Bf4 $17) 22... c3 23. Nd4 (23. Bf4 $142 g5 24. Bxe5 Bxe5 25. Nc1) 23... Ng4 $19 24. Nc2 Nxe3+ 25. Nxe3 Bh6 {[#] Strongly threatening ...Nxf2!} 26. Ng4 $2 (26. Nc2) 26... Bd2 27. f3 h5 {Accuracy: White = 13%, Black = 74%.} 0-1

[Event "Guimaraes Open 2019"]
[Site "Guimaraes"]
[Date "2019.08.30"]
[Round "4.18"]
[White "Diaz Gomez, Mateo"]
[Black "Garcia Moreno, Carlos"]
[Result "0-1"]
[WhiteElo "1851"]
[BlackElo "2292"]
[Annotator "TA"]
[PlyCount "58"]
[EventDate "2019.08.28"]
[EventType "swiss"]
[EventCountry "POR"]
[SourceTitle "playchess.com"]
[Source "ChessBase"]
[SourceQuality "1"]

{[%evp 12,58,-32,-29,-18,-41,-20,-43,-17,-58,-21,-81,-95,-120,-86,-104,-92,-104,-104,-98,-92,-98,-99,-162,-159,-165,-150,-134,-129,-175,-160,-169,-142,-147,0,-180,-163,-268,-256,-237,-216,-412,-410,-406,-199,-253,-239,-931,-916]} 1. e4 e5 2. Nc3 Nf6 3. f4 d5 4. fxe5 Nxe4 5. Nf3 Be7 6. Qe2 Nxc3 7. dxc3 c5 {C29: Vienna Game: 2...Nf6 3 f4} 8. Bf4 Nc6 9. Qf2 h6 {Black is slightly better.} 10. Bd3 $146 ({Predecessor:} 10. Be2 Qb6 11. Rb1 Bf5 12. Bd3 Bxd3 13. cxd3 Qa6 14. Rd1 Qxa2 15. O-O {0-1 (37) Istratescu,A (2617)-Karpov,A (2674) Bucharest 2005}) 10... Be6 11. h4 (11. O-O $11) 11... Qb6 $17 12. O-O-O c4 13. Be3 Qa5 14. Be2 Qxa2 15. Kd2 {Hoping for Ra1.} Qa5 ({But not} 15... Qxb2 $2 16. Rb1 $18) 16. Ra1 Qc7 17. Bxa7 (17. Qg3 $17) 17... Nxa7 $19 18. Rxa7 Rxa7 19. Qxa7 O-O 20. Ra1 Bc5 21. Qa5 Bb6 $36 {[%mdl 2048] Black has strong initiative.} 22. Qb4 Bc5 23. Qa5 Qe7 24. g3 (24. Kc1 $142) 24... Bg4 25. Rf1 Re8 26. b4 $2 {[#]} (26. Qb5) 26... cxb3 $1 27. cxb3 {[#]} b6 (27... d4 $142 $1 {[%mdl 512]} 28. Bc4 (28. cxd4 Bb4+) 28... dxc3+ 29. Kxc3 Rd8) 28. Qb5 (28. Qa6 {keeps fighting.}) 28... Ra8 {Threatens to win with ...Ra2+.} 29. Bd3 $2 (29. b4 Ra2+ 30. Ke1 Ra1+ 31. Kd2 Ra2+ 32. Ke1) 29... Bd7 {Accuracy: White = 27%, Black = 47%.} 0-1

[Event "Guimaraes Open 2019"]
[Site "Guimaraes"]
[Date "2019.08.30"]
[Round "4.19"]
[White "Alonso Garcia, Aaron"]
[Black "Hernandez Torralba, Sergio"]
[Result "1-0"]
[WhiteElo "2291"]
[BlackElo "1856"]
[Annotator "TA"]
[PlyCount "111"]
[EventDate "2019.08.28"]
[EventType "swiss"]
[EventCountry "POR"]
[SourceTitle "playchess.com"]
[Source "ChessBase"]
[SourceQuality "1"]

{[%evp 24,111,49,41,26,36,29,33,35,43,78,58,57,75,73,49,95,45,93,66,112,80,79,30,97,46,79,88,88,92,135,130,158,0,0,0,43,0,45,71,74,85,66,78,61,67,216,0,10,50,535,479,1141,1107,2054,1968,1977,1277,2003,1332,1971,2322,1264,603,506,0,0,0,0,0,536,0,2001,1947,1664,1574,2352,2365,2237,2227,5085,5069,29975,29975,12836,6412,29986,29986,29985,29986]} 1. e4 c5 2. Nf3 d6 3. d4 cxd4 4. Nxd4 Nf6 5. Nc3 g6 6. Be3 Bg7 7. f3 O-O 8. Qd2 Nc6 9. Bc4 Bd7 10. O-O-O Rc8 11. Bb3 Nxd4 12. Bxd4 b5 13. Nd5 Nxd5 $1 {B78: Sicilian Dragon: Yugoslav Attack, 9 Bc4 Bd7 10 0-0-0 Rc8} 14. Bxg7 Kxg7 15. exd5 a5 {aiming for ...a4.White is slightly better.} 16. a3 b4 17. axb4 axb4 18. Qxb4 Kg8 19. Rhe1 $1 Rc5 20. Re3 ({Predecessor:} 20. Rd3 Re8 {1-0 (37) Schnoor,F (1725)-Renger,N (1669) Dresden 2012}) 20... Re8 $146 (20... Qa8 21. Kd2 {½-½ (46) Alekseenko,K (2609)-Vocaturo,D (2620) Batumi 2018}) 21. Rde1 Bb5 22. Qh4 {[%cal Re3e7]} Rc7 23. c3 Ra7 (23... Qa8 $11 {keeps the balance.}) 24. Qd4 (24. Re4 $1 $16) 24... Qa8 25. h4 Ba4 26. Bc4 $1 Rb7 27. b4 Bb5 28. Kb2 $2 (28. Bxb5 $1 $16 Rxb5 29. Rxe7 Rxe7 30. Rxe7) 28... Bxc4 $11 29. Qxc4 Ra7 30. h5 Rc8 31. Qb3 Rcc7 32. hxg6 fxg6 33. Re4 $36 {[%mdl 2048] White is in control.} Qf8 34. b5 {[%cal Bb4b5,Bb5b6][%mdl 32] b6 is the strong threat.} Rc5 ({Better is} 34... Qa8 $14) 35. Ra1 $2 ({White should try} 35. b6 $18 Rb7 36. Ra1) 35... Rxa1 36. Kxa1 {[%mdl 4096] Endgame Threatens to win with b6. KQR-KQR} Qf6 $2 {[%mdl 8192]} ({Black should play} 36... Qh6 $1 $14 37. Rc4 (37. Rxe7 $2 Qc1+ 38. Ka2 Rxc3 $19) 37... Qh1+ 38. Kb2 Qxg2+ 39. Ka3 Qg1) 37. Rc4 $18 Rxc4 (37... Qe5 $142) 38. Qxc4 {KQ-KQ} Qg5 39. b6 Qe3 40. Qb4 Qc1+ 41. Ka2 Qd2+ 42. Ka3 Qc1+ 43. Qb2 (43. Ka4 $142) 43... Qf1 {Black wants to play ...Qa6+.} 44. Qb4 $2 (44. Kb4 $18 Qa6 45. Qf2) 44... Qa1+ 45. Kb3 Qd1+ 46. Ka2 Qc2+ $2 {[%mdl 8192]} (46... Qd2+ $1 $11 {and Black stays safe.} 47. Ka3 Qc1+ 48. Ka4 Qd1+ 49. Qb3 Qa1+ 50. Kb5 Qa8) 47. Ka3 (47. Qb2 $142 Qa4+ 48. Qa3 Qc2+ 49. Ka1 Qd1+ 50. Kb2) 47... Qc1+ $1 {[#]} 48. Ka4 $1 Qd1+ {[#]} 49. Qb3 $1 {[%cal Rb3d1]} Qa1+ 50. Kb5 Qa8 51. Qc4 Kf7 52. Qc6 Qa3 53. b7 Qb3+ 54. Ka6 Qa3+ 55. Kb6 Qb3+ 56. Kc7 {Accuracy: White = 60%, Black = 31%.} 1-0